| Поле | Название | Значение |
| |
Тип записи |
a |
| |
Библиографический уровень |
m |
| 001 |
Контрольный номер |
UONB/MAIN/0bd41845844a4eb1aad32b788b70dea5 |
| 005 |
Дата корректировки |
20260429165932.5 |
| 010 |
Индекс ISBN |
__ |
| b |
Уточнения |
в пер. |
| d |
Цена |
59 к. |
| 100 |
Данные общей обработки |
__ |
| a |
Данные общей обработки |
20260426d1867 u y0rusy018902 ca |
| 101 |
Язык документа |
1_ |
| a |
Язык текста |
rus |
| c |
Язык оригинала |
eng |
| 102 |
Страна публикации |
__ |
| a |
Страна публикации |
RU |
| 105 |
Кодированные данные (монография) |
__ |
| a |
Кодированные данные (монография) |
y z 000ay |
| 200 |
Заглавие и сведения об ответственности |
1_ |
| a |
Заглавие |
Ч. 1 |
| 210 |
Выходные данные |
1_ |
| d |
Дата издания |
1867 |
| 215 |
Физическое описание |
__ |
| a |
Объем |
203 с. |
| 461 |
Уровень набора |
_0 |
| 1 |
|
700 1 |
| a |
|
Элиот |
| b |
|
Д. |
| g |
|
Джордж |
| c |
|
псевдоним |
| f |
|
1819-1880 |
| 1 |
|
2001 |
| a |
|
Радикал Филикс Голт |
| e |
|
роман Джорджа Элиота |
| e |
|
в 3 частях |
| e |
|
перевод с английского |
| v |
|
Ч. 1 |
| 1 |
|
2101 |
| a |
|
Санкт-Петербург |
| c |
|
Типография М. Хана |
| d |
|
1867- |
| 1 |
|
001UONB/MAIN/5a23e9cbb19c4f99afa3a8f4b187952b |
| 1 |
|
203 |
| a |
|
Текст |
| b |
|
визуальный |
| c |
|
непосредственный |
| 1 |
|
215 |
| d |
|
24 см |
| 481 |
А также в этом переплете ... |
__ |
| 1 |
|
001UONB/MAIN/9de6cc6962a74e2f9a915fc98203f68b |
| 1 |
|
2001 |
| a |
|
Ч. 2 |
| 1 |
|
2101 |
| d |
|
1867 |
| 1 |
|
215 |
| a |
|
200 с. |
| 481 |
А также в этом переплете ... |
__ |
| 1 |
|
001UONB/MAIN/57e66e4ed7424f15888a9739ae9963a9 |
| 1 |
|
2001 |
| a |
|
Ч. 3 |
| 1 |
|
2101 |
| d |
|
1867 |
| 1 |
|
215 |
| a |
|
182 с. |
| 606 |
Тематические рубрики |
0_ |
| a |
Основная рубрика |
Проза (х. л.) |
| 610 |
Ключевые слова |
0_ |
| a |
Ключевые слова |
проза английская; английская проза |
| 686 |
Индексы других классификаций |
__ |
| 2 |
Код системы |
rubbk |
| a |
Классификационный индекс |
84И4(Англ)-4 |
| 801 |
Источник записи |
_0 |
| a |
Страна |
RU |
| b |
Организация |
Ульяновская ОНБ |
| c |
Дата составления |
20260426 |
| g |
Правила каталогизации |
RCR |
| 801 |
Источник записи |
_1 |
| a |
Страна |
RU |
| b |
Организация |
Ульяновская ОНБ |
| c |
Дата составления |
20260426 |
| g |
Правила каталогизации |
RCR |
| 901 |
Тип документа |
__ |
| t |
Тип документа |
n |
| w |
Контрольный № источника |
UONB/MAIN/5a23e9cbb19c4f99afa3a8f4b187952b |
| 909 |
Создатель записи |
__ |
| a |
Создатель записи |
Мартьянова |
| b |
Дата создания записи |
20260426 |
| 910 |
Корректоры записи |
__ |
| a |
Корректор записи |
Горбункова |
| b |
Дата внесения изменения в запись |
20260429 |